[Event "40th Olympiad Open"]
[Site "Istanbul TUR"]
[Date "2012.08.28"]
[Round "1.33"]
[Board "2"]
[White "Barbosa, Oliver"]
[Black "Al-Zayat, Ahmed"]
[Result "1-0"]
[WhiteTitle "GM"]
[BlackTitle "FM"]
[WhiteElo "2554"]
[BlackElo "1977"]
[WhiteTeam "Philippines"]
[BlackTeam "Libya"]
[WhiteFideId "5201640"]
[BlackFideId "9200380"]
[EventDate "2012.08.28"]

1. d4 Nf6 2. c4 b6 3. f3 Bb7 4. e4 d6 5. Nc3 Nbd7 6. Be3 e5 7. Nge2 g6 8. Qd2 h5
9. h4 Ba6 10. b3 Bg7 11. g3 Bb7 12. Bg2 a5 13. O-O O-O 14. Rad1 Re8 15. Qc2 Qe7
16. Rfe1 c6 17. Bf2 Rac8 18. Bh3 Rc7 19. Na4 Bc8 20. Bg2 Rb7 21. a3 b5 22. Nb2
Nf8 23. c5 Ne6 24. cxd6 Qxd6 25. Nd3 Qxa3 26. dxe5 Nd7 27. f4 a4 28. b4 Bf8 29.
Qd2 Nb6 30. Bxb6 Rxb6 31. Ra1 Qb3 32. Reb1 Qc4 33. Rc1 Qb3 34. Rab1 Qa3 35. Rc3
Bxb4 36. Nxb4 Rd8 37. Qxd8+ Nxd8 38. Rxa3 Be6 39. Bf1 Nb7 40. Nd4 c5 41. Nxe6
cxb4 42. Rxb4 1-0

[Event "40th Olympiad Open"]
[Site "Istanbul TUR"]
[Date "2012.08.28"]
[Round "1.33"]
[Board "3"]
[White "Asabri, Hussien"]
[Black "Paragua, Mark"]
[Result "0-1"]
[WhiteTitle "FM"]
[BlackTitle "GM"]
[WhiteElo "2211"]
[BlackElo "2508"]
[WhiteTeam "Libya"]
[BlackTeam "Philippines"]
[WhiteFideId "9200177"]
[BlackFideId "5201241"]
[EventDate "2012.08.28"]

1. d4 Nf6 2. Nf3 g6 3. g3 Bg7 4. Bg2 O-O 5. O-O d6 6. c4 Nbd7 7. Nc3 e5 8. e4
exd4 9. Nxd4 Re8 10. h3 Nc5 11. Re1 Bd7 12. Bf4 h6 13. Nb3 Ne6 14. Be3 Ng5 15.
Bxg5 hxg5 16. c5 g4 17. h4 Qe7 18. cxd6 cxd6 19. Qd2 Rad8 20. Rad1 Bc8 21. Nb5
Qe5 22. Na3 Be6 23. Nd4 Bd7 24. Nb3 Bc6 25. Nc4 Qe7 26. Qb4 Nxe4 27. Bxe4 Bxe4
28. Nxd6 Bf8 29. Qa4 Bc6 30. Rxe7 Bxa4 0-1

[Event "40th Olympiad Open"]
[Site "Istanbul TUR"]
[Date "2012.08.28"]
[Round "1.33"]
[Board "4"]
[White "Dimakiling, Oliver"]
[Black "Asabri, Hassan"]
[Result "1-0"]
[WhiteTitle "IM"]
[WhiteElo "2428"]
[BlackElo "2179"]
[WhiteTeam "Philippines"]
[BlackTeam "Libya"]
[WhiteFideId "5202248"]
[BlackFideId "9200258"]
[EventDate "2012.08.28"]

1. c4 e5 2. Nc3 Nc6 3. g3 Nf6 4. Bg2 Bc5 5. e3 d6 6. Nge2 Bg4 7. h3 Bh5 8. a3
O-O 9. b4 Bb6 10. d3 Rb8 11. Bb2 a5 12. b5 Ne7 13. Na4 Bxe2 14. Qxe2 c6 15. O-O
cxb5 16. cxb5 Nf5 17. Rac1 Re8 18. Rc2 d5 19. Nxb6 Qxb6 20. a4 e4 21. Bxf6 Qxf6
22. dxe4 dxe4 23. Rc4 Nd6 24. Rd4 Re6 25. Rfd1 Rbe8 26. Qd2 Nf5 27. Rxe4 Rxe4
28. Bxe4 g6 29. Bxb7 h5 30. Bc6 1-0

[Event "40th Olympiad Open"]
[Site "Istanbul TUR"]
[Date "2012.08.28"]
[Round "1.34"]
[Board "1"]
[White "Ragger, Markus"]
[Black "Harper, Ryan"]
[Result "1-0"]
[WhiteTitle "GM"]
[BlackTitle "FM"]
[WhiteElo "2670"]
[BlackElo "2222"]
[WhiteTeam "Austria"]
[BlackTeam "Trinidad & Tobago"]
[WhiteFideId "1610856"]
[BlackFideId "7700156"]
[EventDate "2012.08.28"]

1. d4 d5 2. c4 c6 3. Nf3 Nf6 4. Nc3 Nbd7 5. cxd5 cxd5 6. Bf4 Nh5 7. Be5 f6 8.
Bg3 e6 9. e3 Qb6 10. a3 a6 11. Bd3 Be7 12. Na4 Qd8 13. Nh4 Nxg3 14. hxg3 Nf8 15.
Qh5+ g6 16. Bxg6+ Kd7 17. Bc2 Rg8 18. Qf7 Rg5 19. Rc1 Kc7 20. Nf3 Kb8 21. Nxg5
fxg5 22. Nb6 Qxb6 23. Qxe7 Qxb2 24. Rf1 1-0

[Event "40th Olympiad Open"]
[Site "Istanbul TUR"]
[Date "2012.08.28"]
[Round "1.34"]
[Board "2"]
[White "Joseph, Marcus"]
[Black "Kindermann, Stefan"]
[Result "0-1"]
[BlackTitle "GM"]
[WhiteElo "2206"]
[BlackElo "2498"]
[WhiteTeam "Trinidad & Tobago"]
[BlackTeam "Austria"]
[WhiteFideId "7700393"]
[BlackFideId "4600053"]
[EventDate "2012.08.28"]

1. e4 e6 2. d4 d5 3. Nc3 Nf6 4. e5 Nfd7 5. f4 c5 6. Nf3 Nc6 7. Be3 cxd4 8. Nxd4
Bc5 9. Qd2 O-O 10. O-O-O a6 11. Nb3 Bb4 12. Bd3 b5 13. g4 Na5 14. Bd4 Bb7 15.
Qe3 Nc6 16. Qh3 g6 17. Qe3 Nxd4 18. Nxd4 Bc5 19. Nce2 f6 20. h4 fxe5 21. fxe5
Qc7 22. h5 Qxe5 23. Qxe5 Nxe5 24. hxg6 hxg6 25. Nxe6 Be3+ 26. Kb1 Rf6 27. Rh3
Nxd3 28. Rxe3 Nf2 29. Rf1 Nxg4 30. Rxf6 Nxf6 31. N2f4 Ne4 32. b3 Kf7 33. Kb2 g5
34. Nxd5 Kxe6 35. Nc7+ Ke5 36. Nxa8 Bxa8 37. c3 g4 38. Ka3 a5 39. c4 bxc4 40.
bxc4 Bc6 41. Rd3 g3 42. Kb2 g2 43. Rd1 Nf2 44. Rg1 Nh3 45. Re1+ Kd4 0-1

[Event "40th Olympiad Open"]
[Site "Istanbul TUR"]
[Date "2012.08.28"]
[Round "1.34"]
[Board "3"]
[White "Shengelia, David"]
[Black "Merritt, Mario"]
[Result "1-0"]
[WhiteTitle "GM"]
[BlackTitle "FM"]
[WhiteElo "2545"]
[BlackElo "2103"]
[WhiteTeam "Austria"]
[BlackTeam "Trinidad & Tobago"]
[WhiteFideId "13601270"]
[BlackFideId "7700148"]
[EventDate "2012.08.28"]

1. e4 c5 2. b3 Nf6 3. e5 Nd5 4. Bb2 Nc6 5. Nf3 d6 6. Bb5 Bg4 7. h3 Bh5 8. Bxc6+
bxc6 9. d3 Nc7 10. Nc3 d5 11. g4 Bg6 12. Ne2 h6 13. Nf4 e6 14. Nxg6 fxg6 15. c4
Be7 16. O-O O-O 17. Kg2 a5 18. Bc3 Ra7 19. Ng1 Qa8 20. a4 Bd8 21. Ne2 Na6 22.
Qd2 Nb4 23. Bxb4 cxb4 24. c5 Raf7 25. f4 g5 26. Nd4 gxf4 27. Nxe6 f3+ 28. Kg3
Re8 29. Nxd8 Qxd8 30. d4 Ref8 31. Rf2 h5 32. Raf1 h4+ 33. Kh2 Rf4 34. Qe3 Re4
35. Qd3 Rff4 36. Qa6 Qg5 37. Qxc6 Rxd4 38. Qe6+ Kh7 39. c6 Rf8 40. c7 Qf4+ 41.
Kh1 Qg3 42. g5 Rd1 43. g6+ Kh6 44. Rxd1 Qxf2 45. Rg1 Qd4 46. c8=Q f2 47. Qc1+
Rf4 48. Rf1 Qe4+ 49. Kh2 Kg5 50. Qg4+ 1-0

[Event "40th Olympiad Open"]
[Site "Istanbul TUR"]
[Date "2012.08.28"]
[Round "1.34"]
[Board "4"]
[White "Singh, Ravishen"]
[Black "Novkovic, Milan"]
[Result "0-1"]
[BlackTitle "IM"]
[WhiteElo "2067"]
[BlackElo "2400"]
[WhiteTeam "Trinidad & Tobago"]
[BlackTeam "Austria"]
[WhiteFideId "7700199"]
[BlackFideId "1613103"]
[EventDate "2012.08.28"]

1. d4 Nf6 2. c4 e6 3. Nc3 Bb4 4. Qc2 O-O 5. Nf3 d6 6. Bg5 Qe7 7. a3 Bxc3+ 8.
Qxc3 Nbd7 9. e3 b6 10. Be2 Bb7 11. O-O h6 12. Bh4 g5 13. Bg3 Ne4 14. Qc2 f5 15.
Nd2 e5 16. dxe5 dxe5 17. f3 Nxg3 18. hxg3 Rad8 19. b4 c5 20. Rab1 Kg7 21. Rfe1
h5 22. Kf2 e4 23. Rh1 Rh8 24. f4 h4 25. Nb3 Rdg8 26. Rh3 Kf8 27. Qc3 hxg3+ 28.
Rxg3 gxf4 29. Rxg8+ Rxg8 30. Rh1 Qg5 31. Rh5 Qg3+ 32. Kf1 f3 33. Rxf5+ Ke7 34.
Bxf3 exf3 35. gxf3 Qg1+ 36. Ke2 Rg2+ 37. Kd3 Qf1# 0-1

[Event "40th Olympiad Open"]
[Site "Istanbul TUR"]
[Date "2012.08.28"]
[Round "1.35"]
[Board "1"]
[White "Pace, Colin"]
[Black "Amin, Bassem"]
[Result "0-1"]
[WhiteTitle "CM"]
[BlackTitle "GM"]
[WhiteElo "2136"]
[BlackElo "2643"]
[WhiteTeam "Malta"]
[BlackTeam "Egypt"]
[WhiteFideId "5600189"]
[BlackFideId "10601457"]
[EventDate "2012.08.28"]

1. e4 c5 2. Nf3 d6 3. d4 cxd4 4. Nxd4 Nf6 5. Nc3 a6 6. Bc4 e6 7. Bb3 Nc6 8. Be3
Be7 9. Qe2 Qc7 10. O-O-O Na5 11. g4 b5 12. g5 Nxb3+ 13. axb3 Nd7 14. f4 b4 15.
Na4 Nc5 16. Nxc5 dxc5 17. Nf3 Bb7 18. Nd2 a5 19. f5 a4 20. fxe6 fxe6 21. bxa4
Rxa4 22. Qc4 Qc6 23. Qe2 Ra1+ 24. Nb1 Qxe4 25. Rhf1 Ba6 26. Qd2 Bxf1 27. Rxf1 b3
28. Re1 Rf8 0-1

[Event "40th Olympiad Open"]
[Site "Istanbul TUR"]
[Date "2012.08.28"]
[Round "1.35"]
[Board "2"]
[White "Ezat, Mohamed"]
[Black "Gauci, Joseph"]
[Result "1/2-1/2"]
[WhiteTitle "IM"]
[BlackTitle "CM"]
[WhiteElo "2453"]
[BlackElo "2133"]
[WhiteTeam "Egypt"]
[BlackTeam "Malta"]
[WhiteFideId "10600906"]
[BlackFideId "5600278"]
[EventDate "2012.08.28"]

1. d4 Nf6 2. Nf3 g6 3. Nbd2 d5 4. e3 Bg7 5. b4 O-O 6. c4 b6 7. Bb2 Bb7 8. Be2
dxc4 9. Nxc4 Nbd7 10. O-O c5 11. dxc5 bxc5 12. b5 a6 13. a4 axb5 14. axb5 Rxa1
15. Qxa1 Qc7 16. Qa5 Qxa5 17. Nxa5 Bd5 18. Nc6 e6 19. Ra1 Ne4 20. Bxg7 Kxg7 21.
Ra7 Nb6 22. Nfe5 Nd6 23. Ra6 Ndc8 24. f3 f6 25. Nd3 c4 26. Ndb4 Rf7 27. Nd4 e5
28. Nxd5 Nxd5 29. Bxc4 Rd7 30. Ne6+ Kh6 31. Nc5 Rd8 32. Ra8 Ndb6 33. Ra4 Nxa4
34. Nxa4 Rd6 35. Nc3 Nb6 36. Be2 Rd2 37. Kf2 f5 38. h4 Kg7 39. g4 Kf6 40. Ke1
Rd8 41. Kf2 Ke7 42. Ke1 Nd5 43. Nd1 Kd6 44. gxf5 gxf5 45. Bd3 f4 46. exf4 Nxf4
47. Bxh7 Rh8 48. Be4 Kc5 49. Ne3 Kxb5 50. Ng4 Rh5 51. Kf2 Kc5 52. Kg3 1/2-1/2

[Event "40th Olympiad Open"]
[Site "Istanbul TUR"]
[Date "2012.08.28"]
[Round "1.35"]
[Board "4"]
[White "Abdel Razik, Khaled"]
[Black "Zerafa, Patrick"]
[Result "1-0"]
[WhiteTitle "IM"]
[BlackTitle "CM"]
[WhiteElo "2448"]
[BlackElo "2089"]
[WhiteTeam "Egypt"]
[BlackTeam "Malta"]
[WhiteFideId "10601104"]
[BlackFideId "5600375"]
[EventDate "2012.08.28"]

1. d4 Nf6 2. c4 g6 3. Nc3 Bg7 4. e4 d6 5. Be2 O-O 6. g4 e5 7. d5 Na6 8. h4 Nc5
9. f3 a5 10. h5 Ne8 11. hxg6 fxg6 12. Be3 g5 13. Nh3 h6 14. Nf2 Nf6 15. Rh2 Nh7
16. Nh1 Rf6 17. Ng3 Rg6 18. Kd2 Bd7 19. Kc2 Kf7 20. b3 a4 21. b4 Na6 22. a3 c6
23. Nf5 c5 24. b5 Nc7 25. Kb2 b6 26. Nxa4 Ne8 27. Nc3 Nhf6 28. Qh1 Ng8 29. a4
Bf8 30. Nb1 Qf6 31. Nd2 Ng7 32. Nb3 Nxf5 33. gxf5 Rg7 34. Bd2 Ke7 35. a5 bxa5
36. Nxa5 Rb8 37. Nc6+ Bxc6 38. dxc6 Ke8 39. Ra6 Rc7 40. Qa1 Ne7 41. Ra8 Nxc6 42.
Rxb8+ Nxb8 43. Qa8 Rc8 44. Qb7 Qd8 45. f4 Rc7 46. Bh5+ Kd7 47. Qd5 Qf6 48. fxg5
hxg5 49. Bxg5 1-0

[Event "40th Olympiad Open"]
[Site "Istanbul TUR"]
[Date "2012.08.28"]
[Round "1.36"]
[Board "1"]
[White "Leon Hoyos, Manuel"]
[Black "Blijstra, Wim"]
[Result "1-0"]
[WhiteTitle "GM"]
[WhiteElo "2579"]
[BlackElo "2206"]
[WhiteTeam "Mexico"]
[BlackTeam "Netherlands Antilles"]
[WhiteFideId "5105269"]
[BlackFideId "1018000"]
[EventDate "2012.08.28"]

1. c4 c5 2. g3 Nc6 3. Nc3 g6 4. Bg2 Bg7 5. a3 e6 6. b4 d6 7. Rb1 Nge7 8. e3 cxb4
9. axb4 Ne5 10. Qe2 f5 11. d4 Nf7 12. Nf3 O-O 13. O-O Bd7 14. b5 Qc7 15. Ba3 b6
16. Rfc1 Rfe8 17. Ne1 Rac8 18. Na2 e5 19. c5 bxc5 20. dxc5 dxc5 21. Bxc5 Be6 22.
Nd3 Qa5 23. Nab4 e4 24. Nf4 Bd7 25. Bxe7 Rxc1+ 26. Rxc1 Rxe7 27. Nc6 Bxc6 28.
bxc6 Be5 29. Qc4 Bxf4 30. gxf4 Rc7 31. Bf1 Qa3 32. Rd1 Qe7 33. Qc3 Qe6 34. Bc4
Qe7 35. Ba2 Kf8 36. Rb1 Qd8 37. h3 h6 38. Kg2 g5 39. Bxf7 Kxf7 40. Qe5 Kg6 41.
Rb7 Rxc6 42. Rg7+ Kh5 43. Qxf5 Qd1 44. Rxg5+ 1-0

[Event "40th Olympiad Open"]
[Site "Istanbul TUR"]
[Date "2012.08.28"]
[Round "1.36"]
[Board "2"]
[White "Mensing, Fabio"]
[Black "Gonzalez Zamora, Juan Carlos"]
[Result "0-1"]
[BlackTitle "GM"]
[WhiteElo "2088"]
[BlackElo "2553"]
[WhiteTeam "Netherlands Antilles"]
[BlackTeam "Mexico"]
[WhiteFideId "7500149"]
[BlackFideId "3507548"]
[EventDate "2012.08.28"]

1. e4 c5 2. Nf3 e6 3. d4 cxd4 4. Nxd4 a6 5. g3 Nf6 6. Bg2 d6 7. O-O Be7 8. Nc3
Qc7 9. h3 Bd7 10. Be3 Nc6 11. Qd2 Rc8 12. Nxc6 Bxc6 13. a4 b6 14. Rfd1 O-O 15.
Bf4 Rfd8 16. Qe2 Qb7 17. Rd3 h6 18. Rad1 e5 19. Bc1 b5 20. axb5 axb5 21. b4 Bd7
22. f4 Re8 23. f5 Rc4 24. g4 Rec8 25. Qf3 Bc6 26. Re1 Nh7 27. Bf1 Rxb4 28. Nd5
Bxd5 29. Rxd5 Nf6 30. Rd2 Nxe4 31. Bg2 Qb6+ 0-1

[Event "40th Olympiad Open"]
[Site "Istanbul TUR"]
[Date "2012.08.28"]
[Round "1.36"]
[Board "3"]
[White "Gonzalez Garcia, Jose"]
[Black "Izijk, Jimmy"]
[Result "1-0"]
[WhiteTitle "GM"]
[WhiteElo "2532"]
[BlackElo "2066"]
[WhiteTeam "Mexico"]
[BlackTeam "Netherlands Antilles"]
[WhiteFideId "5101174"]
[BlackFideId "7500041"]
[EventDate "2012.08.28"]

1. d4 d5 2. c4 e6 3. Nf3 c6 4. e3 f5 5. Bd3 Nf6 6. O-O Bd6 7. b3 O-O 8. Ba3 Ne4
9. Bxd6 Qxd6 10. Qc2 Nd7 11. Nc3 Rf6 12. Ne2 h6 13. cxd5 exd5 14. Qb2 Re6 15.
Nh4 Rf6 16. f3 Nf8 17. fxe4 fxe4 18. Bc2 g5 19. Rxf6 Qxf6 20. Rf1 Qd6 21. Nf5
Bxf5 22. Rxf5 Ng6 23. Ng3 Nh4 24. Rf2 a5 25. Qc3 Qa3 26. Bd1 a4 27. Qc5 axb3 28.
Rf8+ Kg7 29. Rxa8 1-0

[Event "40th Olympiad Open"]
[Site "Istanbul TUR"]
[Date "2012.08.28"]
[Round "1.36"]
[Board "4"]
[White "Maduro, Sherman"]
[Black "Ibarra Chami, Luis Fernando"]
[Result "0-1"]
[BlackTitle "IM"]
[WhiteElo "2030"]
[BlackElo "2481"]
[WhiteTeam "Netherlands Antilles"]
[BlackTeam "Mexico"]
[WhiteFideId "7500122"]
[BlackFideId "5105048"]
[EventDate "2012.08.28"]

1. b3 e5 2. Bb2 Nc6 3. e4 Nf6 4. d3 Bc5 5. Be2 d5 6. exd5 Nxd5 7. Nf3 Nf4 8. O-O
Qf6 9. Nxe5 Nxe5 10. d4 Nc6 11. Bf3 O-O 12. c3 Bd6 13. Nd2 Qh6 14. g3 Bh3 15.
Re1 Nd3 16. Re3 Nxb2 17. Qc2 f5 18. Qxb2 f4 19. Bd5+ Kh8 20. Ree1 fxg3 21. hxg3
Bg4 22. Bg2 Rxf2 23. Kxf2 Qh2 24. Nf1 Bxg3+ 25. Ke3 Qh6+ 26. Kd3 Bxe1 27. Rxe1
Bf5+ 28. Be4 Qh3+ 29. Ne3 Bxe4+ 30. Kxe4 Qh4+ 0-1

[Event "40th Olympiad Open"]
[Site "Istanbul TUR"]
[Date "2012.08.28"]
[Round "1.38"]
[Board "1"]
[White "Kazhgaleyev, Murtas"]
[Black "Edirisinghe, Dulan"]
[Result "1-0"]
[WhiteTitle "GM"]
[WhiteElo "2594"]
[BlackElo "2046"]
[WhiteTeam "Kazakhstan"]
[BlackTeam "Sri Lanka"]
[WhiteFideId "13700316"]
[BlackFideId "9900446"]
[EventDate "2012.08.28"]

1. d4 Nf6 2. c4 g6 3. Nc3 Bg7 4. Nf3 O-O 5. Bg5 d6 6. e3 h6 7. Bh4 g5 8. Bg3 Nh5
9. Bd3 Nxg3 10. hxg3 e5 11. dxe5 dxe5 12. Qc2 f5 13. O-O-O Qe8 14. c5 Be6 15. e4
f4 16. Nd5 Rf7 17. gxf4 gxf4 18. Rh5 Nc6 19. Bb5 Bg4 20. Rh4 Bxf3 21. gxf3 Qd8
22. Rhh1 Nd4 23. Rxd4 exd4 24. Bc4 Kh8 25. e5 Qg5 26. Nf6 Rxf6 27. exf6 Qxf6 28.
Qd3 Qg5 29. Bb3 h5 30. Bc2 Qh6 31. Qe4 Rd8 32. Bd3 c6 33. Rg1 Rf8 34. Kc2 h4 35.
Rg6 Qh5 36. Qe7 Rg8 37. Rg4 Bf8 38. Rxg8+ Kxg8 39. Bc4+ 1-0

[Event "40th Olympiad Open"]
[Site "Istanbul TUR"]
[Date "2012.08.28"]
[Round "1.38"]
[Board "3"]
[White "Ismagambetov, Anuar"]
[Black "Anuruddha, G C"]
[Result "1-0"]
[WhiteTitle "GM"]
[WhiteElo "2471"]
[BlackElo "2137"]
[WhiteTeam "Kazakhstan"]
[BlackTeam "Sri Lanka"]
[WhiteFideId "13701525"]
[BlackFideId "9900438"]
[EventDate "2012.08.28"]

1. d4 g6 2. c4 Bg7 3. g3 d6 4. Bg2 Nf6 5. Nc3 O-O 6. Nf3 Nc6 7. O-O Bg4 8. d5
Bxf3 9. exf3 Na5 10. Qd3 c5 11. Bd2 a6 12. b3 Rb8 13. f4 Qc7 14. Rab1 b5 15.
cxb5 c4 16. bxc4 Qxc4 17. Qf3 axb5 18. Rfc1 b4 19. Nd1 Qd4 20. Qe3 Ng4 21. Qe2
h5 22. h3 Nh6 23. a3 Nf5 24. Bxb4 Qa7 25. Qd2 Ra8 26. Kh2 Nd4 27. Qd3 Rfc8 28.
Rxc8+ Rxc8 29. Ne3 Nb7 30. Qd1 Nc5 31. f5 Qa4 32. fxg6 fxg6 33. Qd2 Nd7 34. Be4
Kf7 35. Kg2 Bf6 36. Qd3 Nf8 37. Bd2 Ra8 38. Rb4 Qxa3 39. Rxd4 Bxd4 40. Qxd4 Ra4
41. Nc4 Qa2 42. Bh6 Qxc4 43. Qg7+ Ke8 44. Qxf8+ Kd7 45. Bxg6 Qxd5+ 46. Qf3 Qxf3+
47. Kxf3 h4 48. Bg5 hxg3 49. Kxg3 d5 50. h4 d4 51. h5 Kd6 52. h6 Ra8 53. h7 Ke6
54. Kf3 Rd8 55. Ke2 Kd6 56. Kd3 Ke6 57. f4 Kd5 1-0

[Event "40th Olympiad Open"]
[Site "Istanbul TUR"]
[Date "2012.08.28"]
[Round "1.38"]
[Board "4"]
[White "Alahakoon, Isuru"]
[Black "Kostenko, Petr"]
[Result "0-1"]
[BlackTitle "GM"]
[WhiteElo "2060"]
[BlackElo "2494"]
[WhiteTeam "Sri Lanka"]
[BlackTeam "Kazakhstan"]
[WhiteFideId "9900993"]
[BlackFideId "13700669"]
[EventDate "2012.08.28"]

1. e4 e5 2. Nf3 Nc6 3. Nc3 g6 4. Bb5 Bg7 5. d3 Nge7 6. Bg5 h6 7. Bh4 a6 8. Ba4
d6 9. Qd2 g5 10. Bg3 f5 11. exf5 Nxf5 12. Nd5 Be6 13. Ne3 O-O 14. O-O h5 15.
Nxf5 Rxf5 16. h4 Rxf3 17. gxf3 gxh4 18. Bh2 Nd4 19. Kg2 Qf6 20. f4 h3+ 21. Kh1
Bd5+ 22. f3 Nxf3 23. Qf2 Nd4+ 24. Kg1 Ne2+ 25. Qxe2 Qg6+ 26. Kf2 Bg2 27. Bb3+
Kh8 28. Rg1 exf4 29. c3 Bf6 30. Rxg2 Qxg2+ 31. Ke1 f3 32. Qxg2 fxg2 33. Kd2 Bg5+
34. Ke2 Re8+ 35. Kf3 Re3+ 36. Kf2 Rxd3 37. Rd1 Bh4+ 38. Ke2 Rxd1 39. Bxd1 Bg3
40. Bg1 h2 41. Bd4+ Be5 0-1

[Event "40th Olympiad Open"]
[Site "Istanbul TUR"]
[Date "2012.08.28"]
[Round "1.39"]
[Board "3"]
[White "Tamra, Attallah"]
[Black "Michiels, Bart"]
[Result "0-1"]
[BlackTitle "IM"]
[WhiteElo "2084"]
[BlackElo "2509"]
[WhiteTeam "Palestine"]
[BlackTeam "Belgium"]
[WhiteFideId "11500255"]
[BlackFideId "202967"]
[EventDate "2012.08.28"]

1. e4 e6 2. d4 d5 3. Nc3 Nf6 4. Bg5 dxe4 5. Nxe4 Nbd7 6. Nf3 h6 7. Nxf6+ Nxf6 8.
Bxf6 Qxf6 9. Bb5+ c6 10. Bd3 Bd7 11. Qe2 O-O-O 12. O-O c5 13. c3 Kb8 14. dxc5
Bxc5 15. Qe5+ Qxe5 16. Nxe5 Be8 17. Rfd1 Rd5 18. Nf3 Ba4 19. b3 Rhd8 20. Be2 Be8
21. Rxd5 Rxd5 22. Rd1 Rxd1+ 23. Bxd1 Ba3 24. Kf1 Bb2 25. c4 Kc7 26. Ke2 Kd6 27.
Ne1 Bd4 28. Bc2 Bc6 29. f3 Bg1 30. h3 Ke5 31. Nd3+ Kd4 32. Nb4 Bd7 33. Be4 Bc8
34. Bh7 Bd7 35. Kd2 g6 36. Nd3 Be3+ 37. Ke2 Bg5 38. g3 e5 39. h4 Be7 40. Nf2 b5
41. Bg8 Be8 42. Ng4 bxc4 43. bxc4 h5 44. Ne3 Bd8 45. Kd2 a5 46. Ke2 a4 47. Kd2
f5 48. Nc2+ Kc5 49. Bd5 f4 50. gxf4 exf4 51. Ne1 Bxh4 52. Nd3+ Kd4 53. Nc1 Be7
54. Ke2 g5 55. Be6 Bg6 56. Bd7 Ba3 57. Kd2 Bxc1+ 58. Kxc1 a3 59. Be6 Bd3 0-1

[Event "40th Olympiad Open"]
[Site "Istanbul TUR"]
[Date "2012.08.28"]
[Round "1.39"]
[Board "4"]
[White "Ringoir, Tanguy"]
[Black "Ihsan, Jawad"]
[Result "1-0"]
[WhiteTitle "IM"]
[BlackTitle "CM"]
[WhiteElo "2448"]
[BlackElo "2143"]
[WhiteTeam "Belgium"]
[BlackTeam "Palestine"]
[WhiteFideId "208027"]
[BlackFideId "11500263"]
[EventDate "2012.08.28"]

1. d4 Nf6 2. c4 g6 3. Nc3 Bg7 4. e4 d6 5. h3 Na6 6. Be3 e5 7. dxe5 dxe5 8. Qxd8+
Kxd8 9. Nf3 Nd7 10. Be2 c6 11. O-O Nb4 12. Rac1 a5 13. Rfd1 Kc7 14. Ng5 Rf8 15.
Nxh7 Re8 16. a3 Na6 17. Nb5+ cxb5 18. cxb5+ Nac5 19. Bxc5 Nxc5 20. Rxc5+ Kb8 21.
b6 Re6 22. Rd8 Rc6 23. Rc4 a4 24. Rg8 1-0

[Event "40th Olympiad Open"]
[Site "Istanbul TUR"]
[Date "2012.08.28"]
[Round "1.40"]
[Board "1"]
[White "Petrik, Tomas"]
[Black "Melas, Renos"]
[Result "1-0"]
[WhiteTitle "GM"]
[WhiteElo "2529"]
[BlackElo "2108"]
[WhiteTeam "Slovakia"]
[BlackTeam "Cyprus"]
[WhiteFideId "14901625"]
[BlackFideId "5900166"]
[EventDate "2012.08.28"]

1. e4 e6 2. d4 d5 3. Nd2 c5 4. exd5 Qxd5 5. Ngf3 cxd4 6. Bc4 Qd6 7. O-O Nf6 8.
Nb3 Nc6 9. Nbxd4 Nxd4 10. Nxd4 a6 11. Re1 Qc7 12. Qe2 Bd6 13. Bg5 O-O 14. Bxf6
gxf6 15. Bd3 Bxh2+ 16. Kf1 Rd8 17. Qg4+ Kh8 18. Qh4 f5 19. g3 Bxg3 20. fxg3 b5
21. Nxf5 1-0

[Event "40th Olympiad Open"]
[Site "Istanbul TUR"]
[Date "2012.08.28"]
[Round "1.40"]
[Board "2"]
[White "Lazaris, Stelios"]
[Black "Michalik, Peter"]
[Result "0-1"]
[BlackTitle "GM"]
[WhiteElo "1827"]
[BlackElo "2508"]
[WhiteTeam "Cyprus"]
[BlackTeam "Slovakia"]
[WhiteFideId "5900425"]
[BlackFideId "14907526"]
[EventDate "2012.08.28"]

1. d4 Nf6 2. c4 e6 3. Nf3 d5 4. Nc3 c6 5. c5 b6 6. b4 a5 7. Na4 Nbd7 8. bxa5
bxc5 9. Nxc5 Nxc5 10. dxc5 Bxc5 11. e3 Ne4 12. Bd3 Bb4+ 13. Nd2 Qf6 14. Bxe4
Qxa1 15. Bd3 Qc3 16. Be2 Ba3 17. O-O Bxc1 18. Qxc1 Qxc1 19. Rxc1 Rxa5 20. a4
Rxa4 21. Bb5 Ra2 22. Bxc6+ Bd7 23. Bxd7+ Kxd7 24. Nf3 Rc8 25. Rf1 f6 26. Nd4 e5
27. Nf3 Rcc2 28. g4 Kd6 29. Ne1 Rc1 30. Nd3 Rxf1+ 31. Kxf1 d4 32. e4 Rd2 33. Nb4
Kc5 34. Ke1 Kxb4 35. Kxd2 g5 36. f3 Kb3 37. Kd3 Kb4 38. Kd2 Kc4 39. Kc2 d3+ 40.
Kd2 Kd4 41. h3 h6 0-1

[Event "40th Olympiad Open"]
[Site "Istanbul TUR"]
[Date "2012.08.28"]
[Round "1.40"]
[Board "3"]
[White "Jurcik, Marian"]
[Black "Aristotelous, Vassilis"]
[Result "1-0"]
[WhiteTitle "IM"]
[WhiteElo "2486"]
[BlackElo "1938"]
[WhiteTeam "Slovakia"]
[BlackTeam "Cyprus"]
[WhiteFideId "14907518"]
[BlackFideId "5900468"]
[EventDate "2012.08.28"]

1. e4 g6 2. d4 Bg7 3. c4 c5 4. Nf3 cxd4 5. Nxd4 Nc6 6. Be3 d6 7. Nc3 Nf6 8. Be2
O-O 9. O-O Bd7 10. Qd2 Ng4 11. Bxg4 Bxg4 12. f4 Bd7 13. Rad1 Rc8 14. b3 Nb8 15.
f5 Bc6 16. Bh6 Qb6 17. Bxg7 Kxg7 18. Kh1 Nd7 19. fxg6 hxg6 20. Nf5+ 1-0

[Event "40th Olympiad Open"]
[Site "Istanbul TUR"]
[Date "2012.08.28"]
[Round "1.40"]
[Board "4"]
[White "Constantinou, Pavlos"]
[Black "Pacher, Milan"]
[Result "0-1"]
[BlackTitle "IM"]
[WhiteElo "2064"]
[BlackElo "2442"]
[WhiteTeam "Cyprus"]
[BlackTeam "Slovakia"]
[WhiteFideId "5900328"]
[BlackFideId "14907445"]
[EventDate "2012.08.28"]

1. d4 Nf6 2. c4 g6 3. Nc3 Bg7 4. Nf3 O-O 5. Bg5 d6 6. e3 c5 7. d5 h6 8. Bh4 g5
9. Bg3 Nh5 10. Qc2 f5 11. Be2 Na6 12. Nd2 Nxg3 13. hxg3 Nc7 14. Rd1 a6 15. Nf3
b5 16. g4 b4 17. Na4 Rb8 18. Bd3 e6 19. Rh5 Qe8 20. Rh1 Qe7 21. Rh5 Qf7 22. Rh1
exd5 23. cxd5 Bd7 24. gxf5 Bxf5 25. Bxf5 Qxf5 26. Qxf5 Rxf5 27. Ke2 Kf7 28. g4
Rf6 29. Nd2 Nb5 30. Nc4 Re8 31. Rhf1 Rf4 32. f3 Rxc4 33. Kd3 Bxb2 34. e4 Rd4+ 0-1